Spain True or False? - Statistics

General Stats
  • This quiz has been taken 30,566 times
    30,511 since last reset
  • The average score is 12 of 15
Answer Stats
Question Answer % Correct
The city of Nice is in Spain False
95%
Spain was ruled by a dictator during part of the 20th century True
95%
The Canary Islands are closer to the mainland of Africa than to the mainland of Europe True
94%
The Iberian peninsula is fully controlled by Spain False
93%
Sicilian is an officially recognized Spanish language False
91%
Spain has a king True
88%
Basque people speak a language that isn't closely related to any other known language True
83%
The average woman in Spain gives birth to more than 3 children False
81%
Andalusia is the southernmost Spanish region on the European mainland True
81%
Spain has a higher per-capita income than the United States False
77%
Spain borders the Bay of Biscay True
76%
Madrid is the most populous city in Spain True
74%
Spain has fewer people than Texas False
58%
Spain produces more olive oil than any other country True
56%
Descendants of Christopher Columbus are eligible for a small state pension as part of a royal bequest from Queen Isabella in 1493 False
34%
No matching quizzes found
Score Distribution
Percent of People with Each Score
Percentile by Number Answered
Your Score History
You have not taken this quiz since the last reset